| 000 | 00384nam a2200145 a 4500 | ||
|---|---|---|---|
| 001 | 2631 | ||
| 003 | CDMR | ||
| 005 | 20130305161203.0 | ||
| 008 | 130130s1984||||||||||||||||||||||||||||d | ||
| 040 |
_aCDMR _bcat _cCDMR |
||
| 100 | 1 |
_aPinna, Franco _91968 |
|
| 245 | 1 | 0 |
_aFranco Pinna _b: los grandes fotógrafos _cFranco Pinna |
| 260 |
_aEsplugues de Llobregat _c1984 _bOrbis |
||
| 942 |
_cMON _2udc |
||
| 999 |
_c2631 _d2631 |
||